|
|
|
|
| LEADER |
00000nab a2200000 a 4500 |
| 001 |
vtls000713692 |
| 003 |
SK-MaSNL |
| 005 |
20260304111146.0 |
| 008 |
250429c1999 xo 0 slo |
| 015 |
|
|
|a SNBRB2000/02-05850
|
| 035 |
|
|
|a CLN000065859
|
| 035 |
|
|
|a (urnnbn)urn:nbn:sk:snk:ar-005j2a
|
| 035 |
|
|
|a (uuid)ed679755-b18e-409f-a99a-0bdf5ee6d0ec
|
| 035 |
|
|
|a urn:nbn:sk:snk-ab7zm2
|
| 040 |
|
|
|a SNKBUCL
|b slo
|c SNKBUCL
|e AACR2
|
| 041 |
0 |
|
|a slo
|
| 044 |
|
|
|a xo
|c SK
|
| 080 |
|
|
|a 551.435.626(234.372.3)
|2 1997
|
| 245 |
0 |
0 |
|a Monitoring blokových pohybov v Slanských vrchoch
|c Ľubomír Petro ... [et al.]
|
| 300 |
|
|
|b Obr.
|
| 504 |
|
|
|a Res. angl.
|
| 504 |
|
|
|a Bibliogr. odkazy
|
| 650 |
0 |
7 |
|a deformácie blokové
|x monitoring
|z Slanské vrchy (Slovensko)
|2 snkbucl
|9 1410909
|
| 651 |
|
7 |
|a Slanské vrchy (Slovensko : pohorie)
|2 snkbucl
|9 56228
|
| 655 |
|
7 |
|a články z novín a časopisov
|2 snkbucl
|9 267496
|
| 700 |
1 |
|
|a Petro, Ľubomír
|4 aut
|9 10353
|
| 700 |
1 |
|
|a Košťák, Blahoslav
|4 aut
|9 828985
|
| 700 |
1 |
|
|a Polaščinová, Erika
|4 aut
|9 10354
|
| 700 |
1 |
|
|a Spišák, Zoltán
|4 aut
|9 10867
|
| 773 |
0 |
|
|t Mineralia slovaca
|g Roč. 31, č. 5-6 (1999), s. 549-554
|x 0369-2086
|
| 850 |
|
|
|a Slovenská národná knižnica
|
| 852 |
|
|
|a Slovenská národná knižnica
|
| 954 |
|
|
|a odborná, vedecká literatúra pôvodná (slovenská)
|2 lita
|
| 958 |
|
|
|a article9
|
| 958 |
|
|
|a SK
|
| 958 |
|
|
|a NB
|
| 958 |
|
|
|a OND
|
| 958 |
|
|
|a EUIPO
|
| 992 |
|
|
|a RBX
|
| 999 |
|
|
|c 2861849
|d 2863779
|